| Tag |
First Indicator |
Second Indicator |
Subfields |
| LEADER |
00000cam a2200000 a 4500 |
| 001 |
in00000084879 |
| 005 |
20151008054414.0 |
| 008 |
771122s1975 idua s s00010 engm |
| 010 |
|
|
|a 77623096
|
| 035 |
|
|
|a (OCoLC)03513096
|
| 035 |
|
|
|9 AAJ0562AM
|
| 040 |
|
|
|a DLC
|c DLC
|d TXA
|d UtOrBLW
|
| 043 |
|
|
|a n-us-id
|
| 049 |
|
|
|a TXAM
|c [1561073]
|
| 050 |
0 |
0 |
|a HB1985.I2
|b M58
|
| 082 |
0 |
|
|a 301.32/6/0979628
|
| 100 |
1 |
|
|a Mitchell, John,
|d 1944-
|
| 245 |
1 |
0 |
|a Newcomers to Ada County /
|c prepared by John Mitchell.
|
| 264 |
|
1 |
|a Boise, Idaho :
|b Boise Center for Urban Research,
|c 1975.
|
| 300 |
|
|
|a v, 57 pages :
|b illustrations ;
|c 28 cm.
|
| 336 |
|
|
|a text
|b txt
|2 rdacontent
|
| 337 |
|
|
|a unmediated
|b n
|2 rdamedia
|
| 338 |
|
|
|a volume
|b nc
|2 rdacarrier
|
| 650 |
|
0 |
|a Migration, Internal
|z Idaho
|z Ada County.
|
| 710 |
2 |
|
|a Boise Center for Urban Research.
|
| 999 |
|
|
|a MARS
|
| 999 |
f |
f |
|s 8dcc1f08-e367-358c-8026-16ce0e957e48
|i a70adfe0-7e9e-3a58-8751-9f77f680dad4
|t 0
|
| 952 |
f |
f |
|p ric
|a Texas A&M University
|b Rellis Campus
|c Joint Library Facility
|d Remote Storage
|t 0
|e HB1985.I2 M58
|h Library of Congress classification
|i unmediated -- volume
|m A14806120512
|
| 998 |
f |
f |
|a HB1985.I2 M58
|t 0
|l Remote Storage
|